| 000 | 00474nam a2200205Ia 4500 | ||
|---|---|---|---|
| 008 | 170918s9999 xx 000 0 und d | ||
| 020 | _a9780385474542 | ||
| 050 | _bA177th 1994 | ||
| 100 | _aAchebe, Chinua | ||
| 245 | _aThings fall apart / | ||
| 245 | _cby Chinua Achebe. | ||
| 250 | _aFirst edition | ||
| 260 | _aUSA : | ||
| 260 | _bAnchor Books, | ||
| 260 | _c1994 | ||
| 300 | _a209 pages : | ||
| 300 | _billustrations ; | ||
| 300 | _c20cm. | ||
| 500 | _a890 | ||
| 999 |
_c343993 _d343993 |
||